Jesuit Missions In Coastal And South India (1543-1773) : (Record no. 1497294)

MARC details
000 -LEADER
fixed length control field 00483 a2200169 4500
005 - DATE AND TIME OF LATEST TRANSACTION
control field 20260312150136.0
008 - FIXED-LENGTH DATA ELEMENTS--GENERAL INFORMATION
fixed length control field 260312b |||||||| |||| 00| 0 eng d
020 ## - INTERNATIONAL STANDARD BOOK NUMBER
International Standard Book Number 9789360800284
040 ## - CATALOGING SOURCE
Transcribing agency SDCL
041 ## - LANGUAGE CODE
Source of code eng
Language code of text/sound track or separate title eng
084 ## - COLON CLASSIFICATION NUMBER
Classification number V2:3(Q6)'P R6
100 ## - MAIN ENTRY--PERSONAL NAME
Personal name Zupanov, Ines G.
245 ## - TITLE STATEMENT
Title Jesuit Missions In Coastal And South India (1543-1773) :
Remainder of title Between Mission And Empire
260 ## - PUBLICATION, DISTRIBUTION, ETC.
Place of publication, distribution, etc. New Delhi :
Name of publisher, distributor, etc. Manohar,
Date of publication, distribution, etc. 2026.
300 ## - PHYSICAL DESCRIPTION
Extent 133p.
942 ## - ADDED ENTRY ELEMENTS (KOHA)
Koha item type Textual
Source of classification or shelving scheme Colon Classification (CC)
100 ## - MAIN ENTRY--PERSONAL NAME
-- 1131878
999 ## -
-- 1497294
-- 1497294
Holdings
Withdrawn status Lost status Source of classification or shelving scheme Damaged status Not for loan Collection Home library Current library Date acquired Source of acquisition Cost, normal purchase price Inventory number Total checkouts Full call number Barcode Date last seen Cost, replacement price Price effective from Koha item type
    Colon Classification (CC)     General South Campus Library South Campus Library 2025-12-24 64 1036.00 087 & 24/12/2025   V2:3(Q6)'P R6 SC1691828 2025-12-24 1295.00 2025-12-24 Textual
Copyright @ Delhi University Library System